Reglamento orgánico de la Escuela de Artes y Oficios de San Sebastián
Descripción Física:
12 p. ; 20 cm
MARC
| LEADER | 00000nam a2200000Ia 4500 | ||
|---|---|---|---|
| 001 | 11641 | ||
| 003 | BGR | ||
| 005 | 20260410113645.0 | ||
| 008 | 160829s1879 xx 000 0 cat d | ||
| 080 | |a RF-8-7 | ||
| 110 | 1 | |a Escuela de Artes y Oficios (San Sebastián) |9 70820 | |
| 245 | |a Reglamento orgánico de la Escuela de Artes y Oficios de San Sebastián | ||
| 260 | |a San Sebastián : |b (Imp. A. Baroja), |c 1879 | ||
| 300 | |a 12 p. ; |c 20 cm | ||
| 590 | |a Prové de 1380, exp. 35 | ||
| 650 | |a Escuela de Artes y Oficios (San Sebastián) |x Reglaments i procediment |9 46806 | ||
| 856 | 4 | |u https://media.diba.cat/diba/fitxers/arxiu/fulletons/bib_11641_1879_baixa.pdf |y Accés lliure | |
| 856 | 4 | |u https://media.diba.cat/diba/fitxers/arxiu/fulletons/bib_11641_1879_baixa.pdf |y Accés lliure | |
| 900 | |a bib_11641_1879_baixa.pdf | ||
| 901 | |a Arxiu | ||
| 942 | |n 1 |2 udc |c MON | ||
| 952 | |0 0 |1 0 |4 0 |6 RF87 |7 1 |9 53462 |a Arxiu |b Arxiu |d 2016-12-01 |l 0 |o RF-8-7 |p 11641 |r 2016-12-01 00:00:00 |w 2016-12-01 |y ARXIU | ||
| 999 | |c 57328 |d 57328 | ||